书目信息 |
| 题名: |
莎士比亚传
|
|
| 作者: | 杨明 , 杨明 编著 ;刘文涛 主编 | |
| 分册: | ||
| 出版信息: | 北京 世界知识出版社 2001.09 |
|
| 页数: | 286页 | |
| 开本: | 21cm | |
| 丛书名: | 世界文化名人丛书 | |
| 单 册: | ||
| 中图分类: | K835.615.6 | |
| 科图分类: | ||
| 主题词: | 莎士比亚--W.--1564-1616--传记 | |
| 电子资源: | ||
| ISBN: | 7-5012-1587-1 | |
| 000 | 00839nam2 2200277 45 | |
| 001 | 012004000000 | |
| 005 | 20041011083603.70 | |
| 010 | @a7-5012-1587-1@dCNY 17.00 | |
| 100 | @a20040731d2001 em y0chiy0121 ea | |
| 101 | 0 | @achi |
| 102 | @aCN@b110000 | |
| 105 | @ay z 000yb | |
| 200 | 1 | @a莎士比亚传@Asha shi bi ya zhuan@f杨明编著@Fyang ming bian zhu |
| 210 | @a北京@c世界知识出版社@d2001.09 | |
| 215 | @a286页@d21cm | |
| 225 | 2 | @a世界文化名人丛书@f刘文涛主编 |
| 304 | @a本书其他编著: 赵若纯, 刘国柱, 刘文涛 | |
| 320 | @a本书含附录 | |
| 410 | 0 | @12001 @a世界文化名人丛书 |
| 606 | 1 | @a莎士比亚@bW.@f1564-1616@x传记 |
| 690 | @aK835.615.6@v4 | |
| 701 | 0 | @a杨明@Ayang ming@4编著 |
| 701 | 0 | @a杨明@Ayang ming@4编著 |
| 702 | 0 | @a刘文涛@Aliu wen to@4主编 |
| 801 | 0 | @aCN@bQSSKxf@c20041011 |
| 905 | @a10447@dK835.615.6@eY232 | |
| 莎士比亚传/杨明编著.-北京:世界知识出版社,2001.09 |
| 286页;21cm.-(世界文化名人丛书/刘文涛主编) |
| ISBN 7-5012-1587-1:CNY 17.00 |
| ● |
| 相关链接 |
|
|
|
正题名:莎士比亚传
索取号:K835.615.6/Y232
 
预约/预借
| 序号 | 登录号 | 条形码 | 馆藏地/架位号 | 状态 | 备注 |
| 1 | 399257 | 203992572 | 自科二线404/309社科库 4排2列3层/ [索取号:K835.615.6/Y232] | 在馆 | |
| 2 | 399258 | 203992581 | 自科二线404/400A自科库 5排3列1层/ [索取号:K835.615.6/Y232] | 在馆 | |
| 3 | 399259 | 203992590 | 自科二线404/400A自科库 5排3列1层/ [索取号:K835.615.6/Y232] | 在馆 |